LIBRARY & INFORMATION CENTRE, KCAET, TAVANUR

ONLINE PUBLIC ACCESS CATALOGUE (OPAC)

Design, development and evaluation of a power tiller operated bed former (Record no. 15322)

MARC details
000 -LEADER
fixed length control field 00365nam a22001217a 4500
082 ## - DEWEY DECIMAL CLASSIFICATION NUMBER
Classification number 631.37
Item number SHA/DE
100 ## - MAIN ENTRY--AUTHOR NAME
Personal name SHAJI JAMES P
245 ## - TITLE STATEMENT
Title Design, development and evaluation of a power tiller operated bed former
260 ## - PUBLICATION, DISTRIBUTION, ETC. (IMPRINT)
Place of publication Tavanur
Name of publisher Kelappaji College of Agricultural Engineering and Technology
Year of publication 1991
300 ## - PHYSICAL DESCRIPTION
Number of Pages 112
500 ## - GENERAL NOTE
General note Thesis
942 ## - ADDED ENTRY ELEMENTS (KOHA)
Koha item type Theses
Holdings
Withdrawn status Lost status Damaged status Home library Current library Date acquired Full call number Accession Number Koha item type Public note
      KAUAET KAUAET 03/03/2018 631.37 SHA/DE 17777 Theses M.Tech Thesis
free website counter